Statistics for Roblox Youtubers

Click here to take the quiz!

General Stats

  • This quiz has been taken 35 times
  • The average score is 3 of 18

Answer Stats

Sub countAnswer% Correct
12.1MFlamingo
76%
8.4MKreekcraft
72%
9.36MDennis daily
59%
4.77MSketch
48%
5.26MPoke
34%
10MGamingwithKev
14%
975KSub
10%
3.93MTanqr
10%
1.06MRB Battles
7%
2.03MPGHL Films
3%
1.15MRektway
3%
1.09MSuperdogtyler
3%
1.22The Meg and Mo show
3%
6.42MGlitch
0%
1.02MOminous Nebula
0%
3.82MPreston Gamez
0%
292KSillyfangirl
0%
1.68MTyler and Snowi
0%

Score Distribution

Percentile by Number Answered

Percent of People with Each Score

Your Score History

You have not taken this quiz